Animal Crossing Species: Otsrich - Statistics

General Stats
  • This quiz has been taken 10 times
  • The average score is 6 of 12
Answer Stats
Answer % Correct
Julia
86%
Phil
86%
Gladys
71%
Rio
71%
Cranston
57%
Flora
57%
Queenie
57%
Sandy
57%
Sprocket
43%
Blanche
29%
Nindori
14%
Phoboe
14%
No matching quizzes found
Score Distribution
Percent of People with Each Score
Percentile by Number Answered
Your Score History
You have not taken this quiz